00423 a2200145 4500003000500000005001700005040000900022082001300031100001700044245004200061260002700103300001000130505012500140650001200265Nust20230525113405.0 cNust a823, GAL aGallico,Paul aFlowers for Mrs. HarriscPaul Gallico aLondonbMichael Joseph a502:p aFlowers For Mrs. Harris (Page-7), The Hunt For Kimathi (Page-71),By Love Possessed (Page-169),Hide My Eyes (Page-401). aFiction